000 01111nam0a22002411 4500
001 v19\rc\1498348
005 20260407113213.0
035 _a(NLR Aleph) 004626146
090 _a3105285
_c3105285
100 _a20060620d1882 |||y0rusy50 ca
101 0 _arus
102 _aRU
105 _ay z |||||
200 1 _aИнструкция по надзору за частной горной промышленностью в пяти горных округах Европейской России, утвержденная 8-го августа 1881 года министром государственных имуществ на основании закона 13-го мая 1880 года
210 _aСанкт-Петербург
_cтип. и хромолит. А. Траншеля
_d1882
215 _a16 с.
_d25
712 0 1 _aРоссия
_bМинистерство государственных имуществ
_3RU\NLR\AUTH\889942724
_9380460
801 0 _aRU
_bNLR
_gpsbo
801 0 _aRU
_bRuMoRGB
_2psbo
801 1 _aRU
_bProSoft-M
_2rusmarc
852 _aNLR
_j18.157.2.175
942 _cBOOK
980 _aNB